000 00295nam a22001217a 4500
008 180123b xxu||||| |||| 00| 0 eng d
041 _aeng
080 _a34
100 _a14
101 _aJUR
245 _aSTRATEGJIA KOMBËTARE PËR TË DREJTAT PRONËSORE NË KOSOVË
_cUSAID
942 _2udc
_cBK
999 _c40782
_d40782